| Tag |
First Indicator |
Second Indicator |
Subfields |
| LEADER |
00000cam a2200000 4500 |
| 001 |
in00000276421 |
| 005 |
20151010061605.0 |
| 008 |
760426s1948 dcu s 00000 eng |
| 010 |
|
|
|a 49009532
|
| 035 |
|
|
|a (OCoLC)02140287
|
| 035 |
|
|
|9 ABD5723AM
|
| 040 |
|
|
|a DLC
|c YHM
|d TXA
|d UtOrBLW
|
| 049 |
|
|
|a TXAM
|c [434167]
|
| 050 |
0 |
0 |
|a QP121
|b .C4 1948
|
| 100 |
1 |
|
|a Carpenter, Thorne M.
|q (Thorne Martin),
|d 1878-
|
| 245 |
1 |
0 |
|a Tables, factors, and formulas for computing respiratory exchange and biological transformations of energy.
|
| 250 |
|
|
|a 4th ed.
|
| 264 |
|
1 |
|a Washington,
|b [publisher not identified] ;
|c 1948.
|
| 300 |
|
|
|a 147 pages
|
| 336 |
|
|
|a text
|b txt
|2 rdacontent
|
| 337 |
|
|
|a unmediated
|b n
|2 rdamedia
|
| 338 |
|
|
|a volume
|b nc
|2 rdacarrier
|
| 490 |
1 |
|
|a Carnegie Institution of Washington publication ;
|v 303C
|
| 650 |
|
0 |
|a Respiration.
|
| 650 |
|
0 |
|a Metabolism.
|
| 830 |
|
0 |
|a Carnegie Institution of Washington publication ;
|v 303C.
|
| 999 |
|
|
|a MARS
|
| 999 |
f |
f |
|s 55a83fe3-e05f-3cc7-9aa9-4d5989936f57
|i 2da74451-5edd-3e33-bdbb-32bf01741b7f
|t 0
|
| 952 |
f |
f |
|p ric
|a Texas A&M University
|b Rellis Campus
|c Joint Library Facility
|d Remote Storage
|t 0
|e QP121 .C4 1948
|h Library of Congress classification
|i unmediated -- volume
|m A14804999698
|
| 998 |
f |
f |
|a QP121 .C4 1948
|t 0
|l Remote Storage
|